Vocabulary Words With Three A's - Statistics

General Stats
  • This quiz has been taken 156 times
    149 since last reset
  • The average score is 8 of 20
Answer Stats
Hint Answer % Correct
llama-like animal alpaca
81%
yellow fruit banana
71%
squid served as food calamari
63%
disease caused by mosquito bites malaria
62%
large, hairy spider tarantula
58%
there are several movies about 101 of these dalmatians
55%
the point after deuce in tennis advantage
54%
country's highest-ranking diplomat ambassador
48%
green vegetable asparagus
41%
casino card game played by James Bond; picture cards are worth zero baccarat
39%
paid study leave for one year in every seven sabbatical
38%
someone aged in their 90's nonagenarian
29%
grassy plains, and a US city on its east coast savannah
29%
a long way from here faraway
28%
pursuer of celebrities to get photos of them paparazzo
27%
Indian ruler maharaja
20%
four-sided figure quadrilateral
20%
stuffed Spanish pastry empanada
19%
any foot-race longer than 26 miles 385 yards ultramarathon
13%
popular Cuban music style; there's one in the opera Carmen habanera
6%
No matching quizzes found
Score Distribution
Percent of People with Each Score
Percentile by Number Answered
Your Score History
You have not taken this quiz since the last reset